[Event "Birmingham International"]
[Site "Birmingham"]
[Date "1972.03.25"]
[Round "1"]
[White "Carleton, John Joseph"]
[Black "Basman, Michael John"]
[Result "0-1"]
[WhiteElo "2200"]
[BlackElo "2410"]
[PlyCount "104"]
[EventDate "1972.03.31"]
[EventType "tourn"]
[EventRounds "14"]
[EventCountry "ENG"]
[EventCategory "2"]
[SourceTitle "BritBase"]
[Source "John Saunders"]
[SourceDate "2000.01.01"]
[SourceVersion "1"]
[SourceVersionDate "2000.01.01"]
[SourceQuality "1"]

1. e4 e6 2. d4 d5 3. Nc3 Bb4 4. e5 Bd7 5. a3 Bxc3+ 6. bxc3 Ba4 7. Qg4 g6 8. Bd3 Qd7 9. Nf3 Nc6 10. O-O h6 11. Rb1 O-O-O 12. Nd2 Nge7 13. Nb3 Bxb3 14. cxb3 Nf5 15. a4 f6 16. exf6 Rdf8 17. Bxf5 gxf5 18. Qg7 Qd6 19. f7 Qe7 20. Bxh6 Qh4 21. Qxf8+ Rxf8 22. Bxf8 Qf6 23. Rfe1 Qxf7 24. Bh6 f4 25. g3 f3 26. Kh1 Qf5 27. Be3 Qh3 28. Rg1 Qg4 29. b4 e5 30. b5 exd4 31. cxd4 Nd8 32. Bf4 Ne6 33. Be5 Kd7 34. Rbc1 c6 35. bxc6+ bxc6 36. Rcd1 Ng5 37. Rb1 Ne4 38. Rb2 Ke6 39. Rc2 c5 40. Bb8 cxd4 41. Bxa7 d3 42. Rc6+ Ke5 43. Rh6 d2 44. Rd1 d4 45. Kg1 Qc8 46. Rh5+ Ke6 47. Rh6+ Kf7 48. Rh7+ Kg6 49. Rh4 Qc1 50. Rg4+ Kf5 51. Rf4+ Ke5 52. Bb8+ Kd5 0-1

[Event "Birmingham International"]
[Site "Birmingham"]
[Date "1972.03.25"]
[Round "1"]
[White "Corden, Martyn John"]
[Black "Griffiths, Peter Charles"]
[Result "1-0"]
[WhiteElo "2360"]
[BlackElo "2200"]
[PlyCount "95"]
[EventDate "1972.03.31"]
[EventType "tourn"]
[EventRounds "14"]
[EventCountry "ENG"]
[EventCategory "2"]
[SourceTitle "BritBase"]
[Source "John Saunders"]
[SourceDate "2000.01.01"]
[SourceVersion "1"]
[SourceVersionDate "2000.01.01"]
[SourceQuality "1"]

1. e4 c5 2. Nf3 d6 3. d4 cxd4 4. Nxd4 Nf6 5. Nc3 a6 6. Bg5 e6 7. Be2 Be7 8. O-O O-O 9. a4 Qc7 10. Nb3 Rd8 11. f4 d5 12. e5 Ne4 13. Bxe7 Qxe7 14. Bd3 Nxc3 15. bxc3 f5 16. exf6 Qxf6 17. Qd2 Nc6 18. Rae1 Rb8 19. Qe3 Re8 20. c4 dxc4 21. Bxc4 b5 22. axb5 axb5 23. Bd3 Ne7 24. Nd4 Bd7 25. Nf3 Nf5 26. Qa7 Bc6 27. Ne5 Bd5 28. Be4 Bxe4 29. Rxe4 Rbc8 30. Qa2 Qd8 31. Rfe1 Qd5 32. c4 bxc4 33. Rxc4 Nd6 34. Ra4 Qc5+ 35. Qf2 Qxf2+ 36. Kxf2 Nf7 37. Nf3 Rc2+ 38. Kg3 h6 39. Ra6 Nd8 40. f5 e5 41. Rxe5 Rf8 42. Nh4 Nc6 43. Rb5 Rd8 44. Rb7 Rc4 45. Ng6 Rd3+ 46. Kf2 Rc2+ 47. Ke1 Rd8 48. Rxc6 1-0

[Event "Birmingham International"]
[Site "Birmingham"]
[Date "1972.03.25"]
[Round "1"]
[White "Dunkelblum, Arthur"]
[Black "Borngaesser, Rene"]
[Result "1/2-1/2"]
[WhiteElo "2250"]
[BlackElo "2350"]
[PlyCount "41"]
[EventDate "1972.03.31"]
[EventType "tourn"]
[EventRounds "14"]
[EventCountry "ENG"]
[EventCategory "2"]
[SourceTitle "BritBase"]
[Source "John Saunders"]
[SourceDate "2000.01.01"]
[SourceVersion "1"]
[SourceVersionDate "2000.01.01"]
[SourceQuality "1"]

1. c4 f5 2. Nf3 Nf6 3. g3 g6 4. Bg2 Bg7 5. O-O O-O 6. Nc3 d6 7. d4 Nc6 8. d5 Ne5 9. Nxe5 dxe5 10. e4 e6 11. dxe6 c6 12. Qxd8 Rxd8 13. exf5 gxf5 14. Re1 e4 15. e7 Re8 16. f3 exf3 17. Bxf3 Kf7 18. Bg5 Be6 19. b3 Rxe7 20. Rad1 Rae8 21. Kf2 1/2-1/2

[Event "Birmingham International"]
[Site "Birmingham"]
[Date "1972.03.26"]
[Round "2"]
[White "Basman, Michael John"]
[Black "Corden, Martyn John"]
[Result "1-0"]
[WhiteElo "2410"]
[BlackElo "2360"]
[PlyCount "71"]
[EventDate "1972.03.31"]
[EventType "tourn"]
[EventRounds "14"]
[EventCountry "ENG"]
[EventCategory "2"]
[SourceTitle "BritBase"]
[Source "John Saunders"]
[SourceDate "2000.01.01"]
[SourceVersion "1"]
[SourceVersionDate "2000.01.01"]
[SourceQuality "1"]

1. e4 c5 2. d4 cxd4 3. c3 dxc3 4. Nxc3 Nc6 5. Bc4 e6 6. Nge2 Nf6 7. O-O a6 8. a3 b5 9. Ba2 Bb7 10. Bf4 Be7 11. Ng3 d6 12. Qe2 O-O 13. Rfd1 Qb8 14. Rd2 Ne5 15. Rad1 Qc7 16. Bg5 Rfd8 17. f4 Nc4 18. Rd3 Rac8 19. f5 a5 20. Kh1 Ba6 21. fxe6 fxe6 22. e5 dxe5 23. Bxf6 Bxf6 24. Nge4 Kh8 25. b4 Nxa3 26. Bxe6 Rxd3 27. Rxd3 Re8 28. Bf5 Rf8 29. Nxf6 Rxf6 30. Qxe5 Qc8 31. Qxf6 gxf6 32. Bxc8 Bxc8 33. Rd8+ Kg7 34. Rxc8 axb4 35. Nd1 b3 36. Rc3 1-0

[Event "Birmingham International"]
[Site "Birmingham"]
[Date "1972.03.26"]
[Round "2"]
[White "Borngaesser, Rene"]
[Black "Carleton, John Joseph"]
[Result "1-0"]
[WhiteElo "2350"]
[BlackElo "2200"]
[PlyCount "61"]
[EventDate "1972.03.31"]
[EventType "tourn"]
[EventRounds "14"]
[EventCountry "ENG"]
[EventCategory "2"]
[SourceTitle "BritBase"]
[Source "John Saunders"]
[SourceDate "2000.01.01"]
[SourceVersion "1"]
[SourceVersionDate "2000.01.01"]
[SourceQuality "1"]

1. e4 Nc6 2. d4 e5 3. dxe5 Nxe5 4. f4 Ng6 5. Nc3 Bc5 6. Nf3 d6 7. Bc4 Bg4 8. h3 Bxf3 9. Qxf3 Nf6 10. Bd2 O-O 11. O-O-O Re8 12. Bd3 c6 13. g4 b5 14. g5 Nd7 15. h4 Ne7 16. h5 Rb8 17. Qh3 Nf8 18. f5 Bd4 19. Rdf1 Qa5 20. Kb1 b4 21. Ne2 Bxb2 22. Kxb2 Nc8 23. h6 g6 24. fxg6 fxg6 25. Qf3 Rb7 26. Be3 Ne6 27. Bc4 d5 28. exd5 Nd6 29. Bd3 c5 30. dxe6 c4 31. Bf4 1-0

[Event "Birmingham International"]
[Site "Birmingham"]
[Date "1972.03.27"]
[Round "3"]
[White "Carleton, John Joseph"]
[Black "Corden, Martyn John"]
[Result "1-0"]
[WhiteElo "2200"]
[BlackElo "2360"]
[PlyCount "109"]
[EventDate "1972.03.31"]
[EventType "tourn"]
[EventRounds "14"]
[EventCountry "ENG"]
[EventCategory "2"]
[SourceTitle "BritBase"]
[Source "John Saunders"]
[SourceDate "2000.01.01"]
[SourceVersion "1"]
[SourceVersionDate "2000.01.01"]
[SourceQuality "1"]

1. e4 Nf6 2. e5 Nd5 3. c4 Nb6 4. c5 Nd5 5. Bc4 e6 6. Nc3 Nxc3 7. dxc3 Nc6 8. Bf4 Bxc5 9. Qg4 g5 10. Bxg5 Rg8 11. Nh3 Nxe5 12. Qh5 Rxg5 13. Nxg5 d5 14. f4 Be3 15. fxe5 Qxg5 16. Qxg5 Bxg5 17. Bd3 Bf4 18. Bxh7 Bd7 19. O-O Bxe5 20. Rae1 f6 21. g4 d4 22. g5 dxc3 23. Rxe5 fxe5 24. g6 Bb5 25. g7 Ke7 26. Rf2 Bd3 27. Bxd3 Rg8 28. bxc3 Rxg7+ 29. Kf1 Kd6 30. Ke2 Kd5 31. Ke3 Rg4 32. c4+ Kc5 33. Rb2 b6 34. Rb5+ Kd6 35. Be4 Rh4 36. Rb2 Kc5 37. Bd3 a6 38. Bf1 c6 39. Rc2 Kb4 40. h3 a5 41. Rf2 Ka3 42. Rf6 b5 43. Rxe6 b4 44. Rxc6 Kxa2 45. Ra6 b3 46. Rxa5+ Kb2 47. Rxe5 Kc3 48. Rb5 b2 49. c5 Rh5 50. Ke4 Kc2 51. c6 Rh4+ 52. Ke3 Kc1 53. c7 Rh8 54. Bd3 Rxh3+ 55. Kd4 1-0

[Event "Birmingham International"]
[Site "Birmingham"]
[Date "1972.03.27"]
[Round "3"]
[White "Clarke, Peter Hugh"]
[Black "Basman, Michael John"]
[Result "1-0"]
[WhiteElo "2380"]
[BlackElo "2410"]
[PlyCount "83"]
[EventDate "1972.03.31"]
[EventType "tourn"]
[EventRounds "14"]
[EventCountry "ENG"]
[EventCategory "2"]
[SourceTitle "BritBase"]
[Source "John Saunders"]
[SourceDate "2000.01.01"]
[SourceVersion "1"]
[SourceVersionDate "2000.01.01"]
[SourceQuality "1"]

1. d4 c5 2. d5 e6 3. Nc3 Nf6 4. e4 d6 5. Bb5+ Nbd7 6. dxe6 fxe6 7. e5 Nd5 8. exd6 Nxc3 9. bxc3 Qf6 10. Nf3 a6 11. Be2 g6 12. O-O Bg7 13. Rb1 O-O 14. c4 b6 15. Bg5 Qf5 16. Bd3 Qg4 17. h3 Qh5 18. Be4 Rb8 19. Be7 Rf4 20. Re1 Bb7 21. Bxb7 Rxb7 22. Qe2 e5 23. Qd3 Rb8 24. Re4 Rxe4 25. Qxe4 Qf5 26. Qd5+ Qf7 27. Qc6 Qe8 28. Qd5+ Kh8 29. Ng5 h6 30. Ne4 Qg8 31. Qxg8+ Kxg8 32. a4 a5 33. Kf1 Bf8 34. Nf6+ Nxf6 35. Bxf6 Kf7 36. Bxe5 Ke6 37. Bg3 Kd7 38. Rd1 Re8 39. Re1 Ra8 40. Re3 Rd8 41. Bh4 Rc8 42. Be7 1-0

[Event "Birmingham International"]
[Site "Birmingham"]
[Date "1972.03.29"]
[Round "4"]
[White "Basman, Michael John"]
[Black "Dunkelblum, Arthur"]
[Result "1-0"]
[WhiteElo "2410"]
[BlackElo "2250"]
[PlyCount "69"]
[EventDate "1972.03.31"]
[EventType "tourn"]
[EventRounds "14"]
[EventCountry "ENG"]
[EventCategory "2"]
[SourceTitle "BritBase"]
[Source "John Saunders"]
[SourceDate "2000.01.01"]
[SourceVersion "1"]
[SourceVersionDate "2000.01.01"]
[SourceQuality "1"]

1. e4 c6 2. d4 d5 3. e5 Bf5 4. g4 Bd7 5. Bg2 e6 6. Nf3 c5 7. O-O Nc6 8. c4 dxc4 9. Nc3 Nxd4 10. Nxd4 cxd4 11. Qxd4 Qc8 12. Ne4 Bc6 13. Qxc4 Bd5 14. Qxc8+ Rxc8 15. Be3 b6 16. a4 Bb4 17. a5 bxa5 18. Nd6+ Bxd6 19. exd6 Bxg2 20. Kxg2 Kd7 21. g5 Rc6 22. b4 Rxd6 23. Rxa5 a6 24. Bf4 Rd5 25. Rxa6 e5 26. Be3 Ne7 27. Ra7+ Ke6 28. Rfa1 Nf5 29. Bc5 Nh4+ 30. Kh3 Ng6 31. Kg4 e4 32. R1a6+ Ke5 33. Rxf7 e3 34. Rf5+ Ke4 35. f3+ 1-0

[Event "Birmingham International"]
[Site "Birmingham"]
[Date "1972.03.29"]
[Round "4"]
[White "Corden, Martyn John"]
[Black "Clarke, Peter Hugh"]
[Result "1-0"]
[WhiteElo "2360"]
[BlackElo "2380"]
[PlyCount "47"]
[EventDate "1972.03.31"]
[EventType "tourn"]
[EventRounds "14"]
[EventCountry "ENG"]
[EventCategory "2"]
[SourceTitle "BritBase"]
[Source "John Saunders"]
[SourceDate "2000.01.01"]
[SourceVersion "1"]
[SourceVersionDate "2000.01.01"]
[SourceQuality "1"]

1. e4 e5 2. Nf3 Nc6 3. Bb5 a6 4. Ba4 Nf6 5. O-O Be7 6. Qe2 b5 7. Bb3 d6 8. c3 O-O 9. d4 Bg4 10. Rd1 exd4 11. cxd4 d5 12. exd5 Nb4 13. h3 Bxf3 14. Qxf3 Nbxd5 15. Bg5 c6 16. Nd2 Re8 17. Rac1 Qd7 18. Bxf6 Bxf6 19. Rxc6 Red8 20. Rc5 Nb6 21. Ne4 Bxd4 22. Ng5 Nc4 23. Bc2 h6 24. Rxd4 1-0

[Event "Birmingham International"]
[Site "Birmingham"]
[Date "1972.03.30"]
[Round "5"]
[White "Borngaesser, Rene"]
[Black "Basman, Michael John"]
[Result "0-1"]
[WhiteElo "2350"]
[BlackElo "2410"]
[PlyCount "50"]
[EventDate "1972.03.31"]
[EventType "tourn"]
[EventRounds "14"]
[EventCountry "ENG"]
[EventCategory "2"]
[SourceTitle "BritBase"]
[Source "John Saunders"]
[SourceDate "2000.01.01"]
[SourceVersion "1"]
[SourceVersionDate "2000.01.01"]
[SourceQuality "1"]

1. e4 e6 2. d4 d5 3. e5 Bd7 4. Nf3 a6 5. Bg5 Ne7 6. Nc3 c5 7. dxc5 Qa5 8. a3 Qxc5 9. Bd3 Ng6 10. O-O Qc7 11. Re1 Nc6 12. Qe2 Bc5 13. Rad1 O-O 14. h4 h6 15. Bc1 Nd4 16. Nxd4 Bxd4 17. Bxg6 Bxc3 18. bxc3 fxg6 19. Qg4 Kh7 20. Re3 Rf5 21. Rg3 Be8 22. h5 gxh5 23. Qb4 Bg6 24. Be3 Rf7 25. Bd4 Bxc2 0-1

[Event "Birmingham International"]
[Site "Birmingham"]
[Date "1972.03.30"]
[Round "5"]
[White "Carleton, John Joseph"]
[Black "Clarke, Peter Hugh"]
[Result "1/2-1/2"]
[WhiteElo "2200"]
[BlackElo "2380"]
[PlyCount "94"]
[EventDate "1972.03.31"]
[EventType "tourn"]
[EventRounds "14"]
[EventCountry "ENG"]
[EventCategory "2"]
[SourceTitle "BritBase"]
[Source "John Saunders"]
[SourceDate "2000.01.01"]
[SourceVersion "1"]
[SourceVersionDate "2000.01.01"]
[SourceQuality "1"]

1. b3 d5 2. Bb2 Nf6 3. e3 g6 4. c4 c6 5. f4 Bg7 6. Be2 O-O 7. Nf3 a5 8. O-O a4 9. Na3 axb3 10. axb3 Nbd7 11. cxd5 Nxd5 12. Bxg7 Kxg7 13. Nc4 Rxa1 14. Qxa1+ Kg8 15. Nd4 N7f6 16. Bf3 c5 17. Nb5 Bd7 18. Nc3 Bc6 19. Ne5 Nxc3 20. Nxc6 Qxd2 21. Nxe7+ Kg7 22. Kh1 Re8 23. Rc1 Rxe7 24. Qxc3 Qxe3 25. Qxe3 Rxe3 26. Bxb7 Rxb3 27. Bf3 Rb5 28. Kg1 Ra5 29. Kf2 Ne8 30. Rd1 Nc7 31. Rd7 Ne6 32. Bd5 Kf6 33. g3 h5 34. Ke3 Ra4 35. Kd3 h4 36. Ke3 Ra3+ 37. Kf2 h3 38. Bc4 Rc3 39. Bf1 Rc2+ 40. Kg1 Nd4 41. Bxh3 Nf3+ 42. Kf1 Nxh2+ 43. Kg1 Nf3+ 44. Kf1 Nd4 45. g4 Rh2 46. Bg2 Ke6 47. Rc7 Rh4 1/2-1/2

[Event "Birmingham International"]
[Site "Birmingham"]
[Date "1972.03.31"]
[Round "6"]
[White "Corden, Martyn John"]
[Black "Borngaesser, Rene"]
[Result "1/2-1/2"]
[WhiteElo "2360"]
[BlackElo "2350"]
[PlyCount "125"]
[EventDate "1972.03.31"]
[EventType "tourn"]
[EventRounds "14"]
[EventCountry "ENG"]
[EventCategory "2"]
[SourceTitle "BritBase"]
[Source "John Saunders"]
[SourceDate "2000.01.01"]
[SourceVersion "1"]
[SourceVersionDate "2000.01.01"]
[SourceQuality "1"]

1. e4 e6 2. d4 d5 3. Nc3 Nf6 4. Bg5 dxe4 5. Nxe4 Be7 6. Bxf6 gxf6 7. Nf3 b6 8. Bc4 Bb7 9. Qe2 c6 10. O-O-O Qc7 11. Rhe1 Nd7 12. Kb1 O-O-O 13. g3 Rhg8 14. a3 Kb8 15. Bb3 f5 16. Ned2 Bf6 17. Nc4 c5 18. Nfe5 b5 19. Nxf7 bxc4 20. Nxd8 cxb3 21. Nxe6 Qa5 22. cxb3 cxd4 23. Nxd4 Qb6 24. Qe6 Qxe6 25. Rxe6 Bxd4 26. Rxd4 Rg7 27. Kc2 Kc7 28. b4 Nb6 29. b3 Nd5 30. Re5 Ne7 31. Rc5+ Kb6 32. a4 Be4+ 33. Kd2 Nc6 34. Rd6 a5 35. Rc1 axb4 36. Ke3 Rg6 37. Rxg6 hxg6 38. g4 Na5 39. h4 Nxb3 40. Rc4 Ka5 41. h5 gxh5 42. gxh5 Na1 43. h6 b3 44. Rc1 Nc2+ 45. Kf4 Nd4 46. h7 Ne2+ 47. Ke3 Nxc1 48. h8=Q Kxa4 49. Qb2 Na2 50. Kd4 Kb4 51. Qd2+ Ka3 52. Kc4 Bc2 53. Qd4 Nc1 54. Qa1+ Na2 55. Qe5 Nc1 56. Qa1+ Na2 57. Qe5 Nc1 58. Kc3 Na2+ 59. Kd2 Bb1 60. Ke3 Bc2 61. Kd4 b2 62. Qa5+ Kb3 63. Qd5+ 1/2-1/2

[Event "Birmingham International"]
[Site "Birmingham"]
[Date "1972.04.01"]
[Round "7"]
[White "Borngaesser, Rene"]
[Black "Clarke, Peter Hugh"]
[Result "1-0"]
[WhiteElo "2350"]
[BlackElo "2380"]
[PlyCount "79"]
[EventDate "1972.03.31"]
[EventType "tourn"]
[EventRounds "14"]
[EventCountry "ENG"]
[EventCategory "2"]
[SourceTitle "BritBase"]
[Source "John Saunders"]
[SourceDate "2000.01.01"]
[SourceVersion "1"]
[SourceVersionDate "2000.01.01"]
[SourceQuality "1"]

1. e4 e5 2. Nf3 Nc6 3. Bb5 a6 4. Ba4 Nf6 5. O-O Be7 6. d4 exd4 7. Re1 O-O 8. e5 Ne8 9. Bf4 f6 10. Bxc6 dxc6 11. Qxd4 Bg4 12. Nbd2 Qxd4 13. Nxd4 Rd8 14. c3 c5 15. N4b3 b6 16. Ne4 fxe5 17. Bxe5 Nd6 18. Nbd2 Nxe4 19. Nxe4 Bd6 20. Nxd6 cxd6 21. Bg3 Kf7 22. f3 Be6 23. Red1 d5 24. Bc7 Rd7 25. Bxb6 Rb8 26. Bxc5 Rxb2 27. Rd4 Rc7 28. Rf4+ Kg6 29. Rb4 Rb7 30. Ra4 Re2 31. Rxa6 Rbb2 32. Kf1 Kf5 33. g4+ Kf4 34. Re1 Rxe1+ 35. Kxe1 Bf7 36. Ra8 Kxf3 37. Rf8 Rxa2 38. Rxf7+ Kxg4 39. Rxg7+ Kf3 40. Rxh7 1-0

[Event "Birmingham International"]
[Site "Birmingham"]
[Date "1972.04.01"]
[Round "7"]
[White "Dunkelblum, Arthur"]
[Black "Carleton, John Joseph"]
[Result "0-1"]
[WhiteElo "2250"]
[BlackElo "2200"]
[PlyCount "82"]
[EventDate "1972.03.31"]
[EventType "tourn"]
[EventRounds "14"]
[EventCountry "ENG"]
[EventCategory "2"]
[SourceTitle "BritBase"]
[Source "John Saunders"]
[SourceDate "2000.01.01"]
[SourceVersion "1"]
[SourceVersionDate "2000.01.01"]
[SourceQuality "1"]

1. Nf3 d5 2. d4 Nf6 3. c4 e6 4. Nc3 Bb4 5. e3 O-O 6. Qb3 Nc6 7. a3 dxc4 8. Bxc4 Bd6 9. Bb5 e5 10. Bxc6 exd4 11. Ne4 bxc6 12. Nxd6 cxd6 13. Nxd4 c5 14. Ne2 Ba6 15. f3 Re8 16. Kf2 Rb8 17. Qc2 Qb6 18. Nc3 Bc4 19. Rb1 Bb3 20. Qd3 d5 21. Re1 d4 22. Ne4 Nd7 23. exd4 cxd4 24. Bf4 Bc2 25. Qd2 Bxb1 26. Rxb1 Rbd8 27. b4 Ne5 28. Rc1 Qa6 29. Bxe5 Rxe5 30. Qf4 Qxa3 31. Rc7 Qe3+ 32. Qxe3 dxe3+ 33. Kxe3 f5 34. Kf4 Rb5 35. Ng5 Rxb4+ 36. Kxf5 Rf8+ 37. Ke6 Rb6+ 38. Kd7 h6 39. Ne4 Rf7+ 40. Kc8 Rxc7+ 41. Kxc7 Rb2 0-1

[Event "Birmingham International"]
[Site "Birmingham"]
[Date "1972.04.02"]
[Round "8"]
[White "Basman, Michael John"]
[Black "Carleton, John Joseph"]
[Result "0-1"]
[WhiteElo "2410"]
[BlackElo "2200"]
[PlyCount "85"]
[EventDate "1972.03.31"]
[EventType "tourn"]
[EventRounds "14"]
[EventCountry "ENG"]
[EventCategory "2"]
[SourceTitle "BritBase"]
[Source "John Saunders"]
[SourceDate "2000.01.01"]
[SourceVersion "1"]
[SourceVersionDate "2000.01.01"]
[SourceQuality "1"]

1. e4 e5 2. Bc4 Nf6 3. d3 Bc5 4. Bg5 h6 5. Bh4 d6 6. c3 Qe7 7. Nd2 Nbd7 8. Bg3 Nf8 9. Ne2 Ng6 10. b4 Bb6 11. Qb3 a5 12. bxa5 Bxa5 13. Qc2 O-O 14. Bb3 Be6 15. O-O d5 16. Rfd1 c6 17. c4 Rac8 18. c5 Rfd8 19. Nf3 Bg4 20. Nh4 Nxh4 21. Bxh4 Bb4 22. h3 Bxe2 23. Qxe2 Bxc5 24. exd5 cxd5 25. Rac1 Qe6 26. a4 Qf5 27. Qa2 Qf4 28. Bg3 Qg5 29. Rc2 Bd4 30. Kh2 h5 31. h4 Qf5 32. Rxc8 Qxc8 33. f3 Qc5 34. Be1 Be3 35. Qe2 Rc8 36. Bg3 Qd4 37. Re1 Bf4 38. Bxf4 Qxf4+ 39. Kg1 Qxh4 40. Qxe5 Re8 41. Qxe8+ Nxe8 42. Rxe8+ Kh7 43. Re2 0-1

[Event "Birmingham International"]
[Site "Birmingham"]
[Date "1972.04.02"]
[Round "8"]
[White "Borngaesser, Rene"]
[Black "Dunkelblum, Arthur"]
[Result "1-0"]
[WhiteElo "2350"]
[BlackElo "2250"]
[PlyCount "103"]
[EventDate "1972.03.31"]
[EventType "tourn"]
[EventRounds "14"]
[EventCountry "ENG"]
[EventCategory "2"]
[SourceTitle "BritBase"]
[Source "John Saunders"]
[SourceDate "2000.01.01"]
[SourceVersion "1"]
[SourceVersionDate "2000.01.01"]
[SourceQuality "1"]

1. d4 d5 2. Nf3 Nf6 3. g3 g6 4. Bg2 Bg7 5. O-O O-O 6. c4 c6 7. b3 Ne4 8. Bb2 e6 9. Qc2 Nd6 10. Nbd2 Nd7 11. Rac1 f5 12. Ne1 Nf6 13. Ndf3 Nf7 14. Nd3 Ne4 15. Nfe5 Nxe5 16. Nxe5 Ng5 17. b4 Nf7 18. cxd5 cxd5 19. Qc7 Nd6 20. Qxd8 Rxd8 21. Rc5 Bxe5 22. dxe5 Nc4 23. Bd4 Rd7 24. e3 Rb8 25. g4 b6 26. Rc6 Kf7 27. gxf5 gxf5 28. Bxd5 Rxd5 29. Rxc4 Bd7 30. f3 Bb5 31. Rc7+ Rd7 32. Rfc1 Rb7 33. Rc8 Re7 34. Kf2 Re8 35. R8c3 Ree7 36. Kg3 Rb8 37. Kf4 Be2 38. a4 b5 39. a5 Bc4 40. Rg1 a6 41. Bc5 Rd7 42. Bd6 Rg8 43. Rxg8 Kxg8 44. e4 fxe4 45. Kxe4 Rf7 46. Kd4 Rb7 47. f4 Kf7 48. Rg3 Ra7 49. Kc5 Rb7 50. h4 h5 51. Rg5 Be2 52. f5 1-0

[Event "Birmingham International"]
[Site "Birmingham"]
[Date "1972.04.03"]
[Round "9"]
[White "Carleton, John Joseph"]
[Black "Borngaesser, Rene"]
[Result "1/2-1/2"]
[WhiteElo "2200"]
[BlackElo "2350"]
[PlyCount "64"]
[EventDate "1972.03.31"]
[EventType "tourn"]
[EventRounds "14"]
[EventCountry "ENG"]
[EventCategory "2"]
[SourceTitle "BritBase"]
[Source "John Saunders"]
[SourceDate "2000.01.01"]
[SourceVersion "1"]
[SourceVersionDate "2000.01.01"]
[SourceQuality "1"]

1. e4 e6 2. d4 d5 3. Nc3 Nf6 4. Bg5 Be7 5. e5 Nfd7 6. Bxe7 Qxe7 7. f4 O-O 8. Nf3 f5 9. exf6 Qxf6 10. g3 c5 11. dxc5 Nxc5 12. Bd3 Nc6 13. O-O Bd7 14. Qd2 Nxd3 15. cxd3 Be8 16. Rae1 Bg6 17. Ne5 Nxe5 18. Rxe5 Bf5 19. Ne2 Qd8 20. Nd4 Qb6 21. Qf2 Bxd3 22. Rd1 Be4 23. Rxe6 Qc5 24. Nb3 Qc8 25. Re7 Qg4 26. Re1 Rac8 27. Nc5 Rfe8 28. Rxe8+ Rxe8 29. Nxb7 h5 30. Nd6 Re6 31. Nxe4 Rxe4 32. Rf1 Re2 1/2-1/2

[Event "Birmingham International"]
[Site "Birmingham"]
[Date "1972.04.03"]
[Round "9"]
[White "Corden, Martyn John"]
[Black "Basman, Michael John"]
[Result "1/2-1/2"]
[WhiteElo "2360"]
[BlackElo "2410"]
[PlyCount "94"]
[EventDate "1972.03.31"]
[EventType "tourn"]
[EventRounds "14"]
[EventCountry "ENG"]
[EventCategory "2"]
[SourceTitle "BritBase"]
[Source "John Saunders"]
[SourceDate "2000.01.01"]
[SourceVersion "1"]
[SourceVersionDate "2000.01.01"]
[SourceQuality "1"]

1. e4 e6 2. d4 d5 3. Nc3 Bb4 4. e5 Bd7 5. Bd2 a6 6. Qg4 g6 7. Nf3 Bxc3 8. Bxc3 Bb5 9. Qf4 Nc6 10. Bxb5 axb5 11. O-O Qe7 12. a3 Qf8 13. Qd2 Qg7 14. Qd3 Na7 15. a4 bxa4 16. Rxa4 Ne7 17. Rfa1 Nec6 18. Bd2 h6 19. Qb3 b5 20. Ra6 O-O 21. Bb4 Nxb4 22. Qxb4 Nc6 23. Qxb5 Rxa6 24. Rxa6 Ne7 25. Qd7 Nf5 26. Qxc7 g5 27. g4 Nh4 28. Nxh4 gxh4 29. h3 h5 30. Qe7 hxg4 31. Qxh4 gxh3+ 32. Qg3 Rc8 33. c3 Rb8 34. b4 Rc8 35. Ra3 Qxg3+ 36. fxg3 Kg7 37. Kh2 Kg6 38. g4 Kg5 39. Kxh3 Kf4 40. g5 Kxg5 41. Kg3 Kf5 42. b5 Ke4 43. b6 Rb8 44. Rb3 Kd3 45. Kf4 Kd2 46. b7 Kd3 47. Rb6 Kd2 1/2-1/2

[Event "Birmingham International"]
[Site "Birmingham"]
[Date "1972.04.04"]
[Round "10"]
[White "Basman, Michael John"]
[Black "Clarke, Peter Hugh"]
[Result "1/2-1/2"]
[WhiteElo "2410"]
[BlackElo "2380"]
[PlyCount "114"]
[EventDate "1972.03.31"]
[EventType "tourn"]
[EventRounds "14"]
[EventCountry "ENG"]
[EventCategory "2"]
[SourceTitle "BritBase"]
[Source "John Saunders"]
[SourceDate "2000.01.01"]
[SourceVersion "1"]
[SourceVersionDate "2000.01.01"]
[SourceQuality "1"]

1. e4 e5 2. Nf3 Nc6 3. Bb5 a6 4. Ba4 Nf6 5. O-O Be7 6. Re1 b5 7. Bb3 d6 8. a4 Rb8 9. axb5 axb5 10. h3 Be6 11. Bxe6 fxe6 12. c3 O-O 13. d4 Qd7 14. Bg5 h6 15. Bh4 exd4 16. cxd4 Ra8 17. Na3 b4 18. Nc4 Rxa1 19. Qxa1 Nh5 20. Bxe7 Nxe7 21. Re3 Qc6 22. Qa2 Nf4 23. Qb3 Qb5 24. Kh2 d5 25. Ncd2 c5 26. dxc5 Qxc5 27. g3 Nfg6 28. Kg2 Kh8 29. exd5 exd5 30. Re6 Rf6 31. Rxf6 gxf6 32. Qa4 Kg7 33. Qd7 Qc2 34. b3 Qc8 35. Qxc8 Nxc8 36. Nd4 Nge7 37. f4 Na7 38. Kf2 Kf7 39. N2f3 Nac6 40. g4 Nxd4 41. Nxd4 Ke8 42. Kf3 Kd7 43. h4 Kd6 44. Ke3 Kd7 45. f5 Ke8 46. Kf4 Kf8 47. Ne6+ Kf7 48. Nc7 Nc6 49. Ne6 Ne7 50. g5 hxg5+ 51. hxg5 fxg5+ 52. Nxg5+ Kf6 53. Nh7+ Kf7 54. Ke5 Nc6+ 55. Kxd5 Na5 56. Ke5 Nxb3 57. Ng5+ Ke8 1/2-1/2

[Event "Birmingham International"]
[Site "Birmingham"]
[Date "1972.04.04"]
[Round "10"]
[White "Corden, Martyn John"]
[Black "Carleton, John Joseph"]
[Result "0-1"]
[WhiteElo "2360"]
[BlackElo "2200"]
[PlyCount "90"]
[EventDate "1972.03.31"]
[EventType "tourn"]
[EventRounds "14"]
[EventCountry "ENG"]
[EventCategory "2"]
[SourceTitle "BritBase"]
[Source "John Saunders"]
[SourceDate "2000.01.01"]
[SourceVersion "1"]
[SourceVersionDate "2000.01.01"]
[SourceQuality "1"]

1. e4 e6 2. d4 d5 3. Nc3 Nf6 4. Bg5 Be7 5. e5 Nfd7 6. Bxe7 Qxe7 7. f4 O-O 8. Nf3 c5 9. Qd2 Nc6 10. O-O-O Rb8 11. g4 c4 12. Nb5 Nb6 13. c3 Bd7 14. Nd6 Nc8 15. Nxc4 dxc4 16. Bxc4 Nb6 17. Bd3 Na5 18. Ng5 h6 19. Nh7 Rfc8 20. g5 h5 21. Nf6+ Kf8 22. Nxh5 Ba4 23. Rdf1 Nd5 24. Kb1 Qc7 25. f5 exf5 26. Bxf5 Qb6 27. Bxc8 Rxc8 28. Qf2 Qg6+ 29. Qf5 Qxf5+ 30. Rxf5 g6 31. Rf3 gxh5 32. Rhf1 Be8 33. e6 Nc4 34. R1f2 Ne7 35. exf7 Bd7 36. Rf6 Rc6 37. Rh6 Bf5+ 38. Kc1 Rxh6 39. gxh6 Kxf7 40. d5 Kg6 41. b3 Ne5 42. Kd2 Nxd5 43. h7 Nf7 44. c4 Nf6 45. Re2 Ne4+ 0-1